000 00293nam a22001337a 4500
082 _a823
_bSAT/F
100 _aSATHEESAN
245 _aFOLK TALES FROM BENGAL
260 _aTHRISSUR
_bH&C
300 _a48
520 _aENGLISH SHORT STORY
650 _aENGLISH SHORT STORY
_zKERALA
942 _cBK
999 _c5556
_d5556